000
00207nam a2200085Ia 4500
245
0
_a
Making shapes
100
_a
GIBSON, Gary London, 2009
942
_c
BK
008
210818s9999 xx 000 0 und d
999
_c
444771
_d
444770